000 00309nam a2200121Ia 4500
008 220214s9999 xx 000 0 und d
245 0 _aUnesco Bulletin for libraries
260 _bUNESCO
310 _aBM
500 _aEnding Volume & Year: 32, 1978
500 _aStarting Volume & Year: 29, 1975
942 _cBJ
999 _c8410
_d8410